Proceedings of the Twelfth International Congress of Egyptologists: ICE XII, 3rd-8th November 2019, Cairo, Egypt /
The 12th International Congress of Egyptologists (ICE) was held in Cairo from the 3rd to the 8th of November, 2019. During the Congress, Egyptologists from 30 countries presented 369 papers covering nine themes: archaeology (current methods and fieldwork); art and architecture; site management, cons...
مؤلف مشترك:
مؤلفون آخرون: ,
التنسيق: وقائع المؤتمر كتاب
اللغة: English
منشور في:
Cairo :
Institut Français D'Archéologie Orientale,
2023.
سلاسل:
Bibliothèque générale (Institut français d'archéologie orientale du Caire) ;
71.
الموضوعات:
الوسوم: إضافة وسم
رقم الطلب: DT60 .I57 2019 v.1-2
| LEADER | 02060nam a22003497a 4500 | ||
|---|---|---|---|
| 003 | OSt | ||
| 005 | 20251230124024.0 | ||
| 008 | 251230t20232023ua abe f b 100 0 eng d | ||
| 020 | |a 9782724709537 (set) | ||
| 035 | |a (OCoLC)1395177046 | ||
| 040 | |c ARCE Library | ||
| 050 | 4 | |a DT60 |b .I57 2019 v.1-2 | |
| 111 | 2 | |a International Congress of Egyptologists |n (12th : |d 2019 : |c Cairo, Egypt.) | |
| 245 | 1 | 0 | |a Proceedings of the Twelfth International Congress of Egyptologists: |b ICE XII, 3rd-8th November 2019, Cairo, Egypt / |c edited by Ola El-Aguizy, Burt Kasparian (eds.) |
| 246 | 3 | 3 | |a 12 International Congress of Egyptologists. |
| 246 | 3 | 3 | |a International Congress of Egyptologists. |
| 264 | 1 | |a Cairo : |b Institut Français D'Archéologie Orientale, |c 2023. | |
| 264 | 4 | |c ©2023. | |
| 300 | |a 2 volumes : |b color illustrations, color maps ; |c 28 cm. | ||
| 490 | 1 | |a Bibliothéque générale ; |v 71. | |
| 504 | |a Includes bibliographical references and index. | ||
| 520 | |a The 12th International Congress of Egyptologists (ICE) was held in Cairo from the 3rd to the 8th of November, 2019. During the Congress, Egyptologists from 30 countries presented 369 papers covering nine themes: archaeology (current methods and fieldwork); art and architecture; site management, conservation and preservation; history; views on the Egyptian past; language, literature and texts; archaeological science and technology; museums and collections; religious thoughts; society and life in ancient Egypt. This volume presents the Proceedings of ICE XII, which is comprised of 137 contributions encompassing the themes of the Congress that were selected for publication. | ||
| 650 | 0 | |a Egyptology |v Congresses. | |
| 650 | 0 | |a Archaeology |x Ancient Egypt. | |
| 650 | 0 | |a Paleography, Egyptian. | |
| 651 | 0 | |a Egypt |x Antiquities |v Congresses. | |
| 700 | 1 | |a El-Aguizy, Ola, |e editor | |
| 700 | 1 | |a Kasparian, Burt, |e editor | |
| 830 | 0 | |a Bibliothèque générale (Institut français d'archéologie orientale du Caire) ; |v 71. | |
| 901 | |a reviewed | ||
| 942 | |2 lcc |c BK | ||
| 999 | |c 58213 |d 58213 | ||
